Quiz Ciné/Série par lettre - G - Statistiques

Statistiques générales
  • Ce quiz a été pris 94 fois
  • Le résultat moyen est 9 sur 20
Statistiques - réponses
Questions Réponses % Correct
Péplum où l'on peut apercevoir Commode et Marc Aurèle Gladiator
84%
Protagoniste principale de "Moi, moche et méchant" Gru
78%
Surtout ne jamais nourrir ces créatures après minuit Gremlins
73%
Monstre emblématique du cinéma japonais crée par Tomoyuki Tanaka Godzilla
68%
La série qui a révélée Emilia Clarke et Kit Harington Game of Thrones
67%
Andy Serkis dans le Seigneur des Anneaux Gollum
59%
La Muraille et la Rocaille dans "Le Bossu de Notre-Dâme" Gargouilles
55%
Pays d'origine de Costa-Gavras Grèce
44%
Johnny Depp puis Mads Mikkelsen l'on joué dans "Les Animaux Fantastiques" Grindelwald
43%
Réalisateur de "La Passion du Christ" et acteur de "The Patriot" Mel Gibson
43%
Comédie de Josiane Balasko avec Alain Chabat Gazon Maudit
41%
Prénom du Witcher dans la série du même nom incarné par Henry Cavill Geralt
40%
L'un des réalisateurs fétiche de la "Nouvelle Vague" Jean-Luc Godard
40%
Nom du film où James Bond est chargé de retrouver un satellite russe capable d'anéantir une capitale GoldenEye
37%
Inventeur français et pionnier de l'industrie du cinéma mondial Léon Gaumont
37%
Il donne la réplique à Bebel dans "Un Singe en Hiver" Jean Gabin
33%
Film d'horreur psychologique réalisé par Jordan Peele Get Out
30%
Il se bat avec 4 sabres dans la Revanche des Siths Général Grievous
29%
Réalisatrice du Barbie de 2023 Greta Gerwig
27%
Série qui retrace l'histoire de la famille Savastano Gomorra
15%
Aucun quiz correspondant
Distribution des résultats
% des personnes avec chaque résultat
Percentile par nombre de réponses
Votre historique - résultats
Vous n’avez pas pris ce quiz